000 00639nam a22002177a 4500
005 20140805160828.0
008 140805b xxu||||| |||| 00| 0 eng d
020 _a9789350020463
_c225.00
040 _aLoreto College
082 _a320.57
_bGUE
100 _aGuerin,Daniel
245 _aAnarchism
_bFrom theory to practice
_cDaniel Guerin;introduction by Noam Chomsky and translated by Mary Klopper
260 _aDelhi
_bAakar Books
_c2010
300 _axx,166p
_b22cm
504 _aIncludes bibliographical references
650 _aAnarchism
650 _aPolitics
700 _4tr.
_aKlopper,Mary
850 _aLCLIB
942 _cBK
999 _c39432
_d89911